LEADER 03530nam 2200685 a 450 001 9910464687603321 005 20210623233827.0 010 $a1-68015-204-1 010 $a1-283-62768-X 010 $a3-11-025465-4 010 $a9786613940131 024 7 $a10.1515/9783110254655 035 $a(CKB)3360000000446085 035 $a(EBL)894080 035 $a(SSID)ssj0000720182 035 $a(PQKBManifestationID)12333855 035 $a(PQKBTitleCode)TC0000720182 035 $a(PQKBWorkID)10669609 035 $a(PQKB)11393318 035 $a(MiAaPQ)EBC894080 035 $a(DE-B1597)123561 035 $a(OCoLC)840437870 035 $a(OCoLC)897919780 035 $a(DE-B1597)9783110254655 035 $a(Au-PeEL)EBL894080 035 $a(CaPaEBR)ebr10606496 035 $a(CaONFJC)MIL394013 035 $a(OCoLC)815620989 035 $a(EXLCZ)993360000000446085 100 $a20120530d2012 uy 0 101 0 $aeng 135 $aurnn#---|u||u 181 $ctxt 182 $cc 183 $acr 200 10$aChemical vapor transport reactions$b[electronic resource] /$fMichael Binnewies ... [et al.] 210 $aBerlin ;$aBoston $cWalter de Gruyter$dc2012 215 $a1 online resource (644 p.) 300 $aDescription based upon print version of record. 311 0 $a3-11-048349-1 311 0 $a3-11-025464-6 320 $aIncludes bibliographical references and index. 327 $tFront matter --$tPreface --$tHints and Suggestions for the Reader --$tContent --$t1 Chemical Vapor Transport Reactions - an Introduction --$t2 Chemical Vapor Transport - Models --$t3 Chemical Vapor Transport of Elements --$t4 Chemical Vapor Transport of Metal Halides --$t5 Chemical Vapor Transport of Binary and Multinary Oxides --$t6 Chemical Vapor Transport of Oxido Compounds with Complex Anions --$t7 Chemical Vapor Transport of Sulfides, Selenides, and Tellurides --$t8 Chemical Vapor Transport of Chalcogenide Halides --$t9 Chemical Vapor Transport of Pnictides --$t10 Chemical Vapor Transport of Intermetallic Phases --$t11 Gas Species and their Stability --$t12 Thermodynamic Data --$t13 Modeling of Chemical Vapor Transport Experiments: the Computer Programs TRAGMIN and CVTRANS --$t14 Working Techniques --$t15 Selected Experiments for Practical Work on Chemical Vapor Transport Reactions --$t16 Appendix --$tIndex --$tPlate Section 330 $aThis comprehensive handbook covers the diverse aspects of chemical vapor transport reactions from basic research to important practical applications. The book begins with an overview of models for chemical vapor transport reactions and then proceeds to treat the specific chemical transport reactions for the elements, halides, oxides, sulfides, selenides, tellurides, pnictides, among others. Aspects of transport from intermetallic phases, the stability of gas particles, thermodynamic data, modeling software and laboratory techniques are also covered. Selected experiments using chemical vapor tr 606 $aReaction mechanisms (Chemistry) 606 $aTransport theory 608 $aElectronic books. 615 0$aReaction mechanisms (Chemistry) 615 0$aTransport theory. 676 $a541/.39 686 $aVE 5900$2rvk 700 $aBinnewies$b Michael, 701 $aBinnewies$b Michael$0745979 801 0$bMiAaPQ 801 1$bMiAaPQ 801 2$bMiAaPQ 906 $aBOOK 912 $a9910464687603321 996 $aChemical vapor transport reactions$92442946 997 $aUNINA LEADER 05018nam 2200613 450 001 9910810556303321 005 20231019235801.0 010 $a1-78398-963-7 035 $a(CKB)3710000000268235 035 $a(EBL)1825959 035 $a(SSID)ssj0001408798 035 $a(PQKBManifestationID)11835485 035 $a(PQKBTitleCode)TC0001408798 035 $a(PQKBWorkID)11354361 035 $a(PQKB)11311690 035 $a(MiAaPQ)EBC1825959 035 $a(Au-PeEL)EBL1825959 035 $a(CaPaEBR)ebr10962325 035 $a(CaONFJC)MIL654179 035 $a(OCoLC)894171178 035 $a(PPN)228047323 035 $a(EXLCZ)993710000000268235 100 $a20141127d2014 uy| 0 101 0 $aeng 135 $aur|n|---||||| 181 $ctxt 182 $cc 183 $acr 200 10$aDart cookbook $eover 110 incredibly effective, useful, and hands-on recipes to design Dart web client and server applications /$fIvo Balbaert 210 1$aBirmingham :$cPackt Publishing,$d2014. 215 $a1 online resource (346 p.) 225 0 $aQuick answers to common problems 300 $aIncludes index. 311 $a1-322-22899-X 311 $a1-78398-962-9 327 $aCover; Copyright; Credits; About the Author; About the Reviewers; www.PacktPub.com; Table of Contents; Preface; Chapter 1: Working with Dart Tools; Introduction; Configuring the Dart environment; Setting up the checked and production modes; Rapid Dart Editor troubleshooting; Hosting your own private pub mirror; Using Sublime Text 2 as an IDE; Compiling your app to JavaScript; Debugging your app in JavaScript for Chrome; Using the command-line tools; Solving problems when pub get fails; Shrinking the size of your app; Making a system call; Using snapshotting 327 $aGetting information from the operating systemChapter 2: Structuring, Testing, and Deploying an Application; Introduction; Exiting from an app; Parsing command-line arguments; Structuring an application; Using a library from within your app; Microtesting your code with assert; Unit testing a polymer web app; Adding logging to your app; Documenting your app; Profiling and benchmarking your app; Publishing and deploying your app; Using different settings in checked and production mode; Chapter 3: Working with Data Types; Introduction; Concatenating strings; Using regular expressions 327 $aStrings and UnicodeUsing complex numbers; Creating an enum; Flattening a list; Generating a random number within a range; Getting a random element from a list; Working with dates and times; Improving performance in numerical computations; Using SIMD for enhanced performance; Chapter 4: Object Orientation; Introduction; Testing and converting types; Comparing two objects; Using a factory constructor; Building a singleton; Using reflection; Using mixins; Using annotations; Using the call method; Using noSuchMethod; Making toJSON and fromJSON methods in your class 327 $aCreating common classes for client and server appsChapter 5: Handling Web Applications; Introduction; Responsive design; Sanitizing HTML; Using a browser's local storage; Using application cache to work offline; Preventing an onSubmit event from reloading the page; Dynamically inserting rows in an HTML table; Using CORS headers; Using keyboard events; Enabling drag-and-drop; Enabling touch events; Creating a Chrome app; Structuring a game project; Using WebGL in your app; Authorizing OAuth2 to Google services; Talking with JavaScript; Using JavaScript libraries 327 $aChapter 6: Working with Files and StreamsIntroduction; Reading and processing a file line by line; Writing to a file; Searching in a file; Concatenating files; Downloading a file; Working with blobs; Transforming streams; Chapter 7: Working with Web Servers; Introduction; Creating a web server; Posting JSON formatted data; Receiving data on the web server; Serving files with http_server; Using sockets; Using WebSockets; Using secure sockets and servers; Using a JSON web service; Chapter 8: Working with Futures, Tasks, and Isolates; Introduction; Writing a game loop 327 $aError-handling with Futures 330 $aIf you are a Dart developer looking to sharpen your skills, and get insight and tips on how to put that knowledge into practice, then this book is for you. You should also have a basic knowledge of HTML, and how web applications with browser clients and servers work, in order to build dynamic Dart applications. 517 3 $aDart cookbook :$eover one hundred ten incredibly effective, useful, and hands-on recipes to design Dart web client and server applications 606 $aProgramming languages (Electronic computers) 615 0$aProgramming languages (Electronic computers) 676 $a005.268 700 $aBalbaert$b Ivo$0898566 801 0$bMiAaPQ 801 1$bMiAaPQ 801 2$bMiAaPQ 906 $aBOOK 912 $a9910810556303321 996 $aDart cookbook$93995977 997 $aUNINA